Losowe tablice rejestracyjne cz.1 - Statystyki

Ogólne statystyki
  • Ten quiz został rozwiązany 105 razy
  • Średni wynik to 12 z 20
Statystyki odpowiedzi
Tablica rejestracyjna Powiat / Miasto % Poprawnych
ZK Koszalin
84%
GWE Wejherowski
79%
RZE Rzeszowski
78%
NO Olsztyn
76%
BIA Białostocki
74%
CIN Inowrocławski
74%
PL Leszno
69%
EPA Pabianicki
67%
LCH Chełmski
63%
DSW Świdnicki
58%
TOP Opatowski
56%
GCZ Człuchowski
53%
DOA Oławski
50%
BSE Sejneński
47%
KSU Suski
47%
ZSL Sławieński
46%
CSW Świecki
44%
FSL Słubicki
42%
RRS Ropczycko-Sędziszowski
36%
WA Warszawa Białołęka
29%
Nie znaleziono quizów pasujących do podanych kryteriów
Rozkład punktacji
Procent ludzi z każdym wynikiem
Percentyl według liczby udzielonych odpowiedzi
Twoja historia wyników
Nie rozwiązałeś tego quizu